00606nam a2200205Ia 450000500170000000800410001702000180005804100120007608200150008810000190010324500930012225000120021526000350022730000190026244000360028165000240031765000210034165000200036270000180038220260429112024.0260429s9999||||xx |||||||||||||| ||und|| a9781032314815 aEnglish a370.1bCHA aCharman, Karen 0aTheorising public pedagogy : bthe educative agent in the public realm / cKaren Charman a1st ed. aNew York : bRoutledge,c2024. aix, 102 p.; hb aRoutledge Research in Education a Educational theory a Social learning aPublic pedagogy a Dixon, Mary